Letters to a young Poet (Record no. 22738)

MARC details
000 -LEADER
fixed length control field 00536nam a22001817a 4500
003 - CONTROL NUMBER IDENTIFIER
control field OSt
005 - DATE AND TIME OF LATEST TRANSACTION
control field 20260521095031.0
008 - FIXED-LENGTH DATA ELEMENTS--GENERAL INFORMATION
fixed length control field 260521b |||||||| |||| 00| 0 eng d
020 ## - INTERNATIONAL STANDARD BOOK NUMBER
International Standard Book Number 9780393001587
040 ## - CATALOGING SOURCE
Transcribing agency Chuka University Library
050 ## - LIBRARY OF CONGRESS CALL NUMBER
Classification number PT 2635 .I65 Z488 1984
100 ## - MAIN ENTRY--PERSONAL NAME
Personal name Rilke, Rainer Maria
9 (RLIN) 26099
245 ## - TITLE STATEMENT
Title Letters to a young Poet
260 ## - PUBLICATION, DISTRIBUTION, ETC.
Place of publication, distribution, etc. New York, London
Name of publisher, distributor, etc. W. W. Norton and Company
Date of publication, distribution, etc. 1984
300 ## - PHYSICAL DESCRIPTION
Extent 123p.
650 ## - SUBJECT ADDED ENTRY--TOPICAL TERM
Topical term or geographic name entry element Rilke, Rainer Maria, 1875-1926-------Correspondence
9 (RLIN) 26100
942 ## - ADDED ENTRY ELEMENTS (KOHA)
Source of classification or shelving scheme Library of Congress Classification
Koha item type Long Loan Books
Suppress in OPAC No
Holdings
Withdrawn status Lost status Source of classification or shelving scheme Damaged status Not for loan Home library Current library Shelving location Date acquired Total Checkouts Full call number Barcode Date last seen Cost, replacement price Price effective from Koha item type
    Library of Congress Classification     Main Campus Library Main Campus Library General Stacks 21/05/2026   PT 2635 .I65 Z488 1984 32178/2026 21/05/2026 1321.07 21/05/2026 Long Loan Books

Powered by Koha